Dictadores (Record no. 37722)

MARC details
000 -LEADER
campo de control de longitud fija 00636nam a2200205 i 4500
001 - NÚMERO DE CONTROL
campo de control 37722
003 - IDENTIFICADOR DE NÚMERO DE CONTROL
campo de control ES-MaACL
005 - FECHA Y HORA DE LA ÚLTIMA TRANSACCIÓN
campo de control 20230906155631.0
007 - CAMPO FIJO DE DESCRIPCIÓN FÍSICA--INFORMACIÓN GENERAL
campo de control de longitud fija t|
008 - DATOS DE LONGITUD FIJA--INFORMACIÓN GENERAL
campo de control de longitud fija 030221s1963 sp ||||1| spa d
100 1# - ENTRADA PRINCIPAL--NOMBRE DE PERSONA
Nombre de persona Bychowski, Gustav.
9 (RLIN) 33007
245 10 - MENCIÓN DEL TÍTULO
Título Dictadores
Resto del título : una interpretación psicoanalítica de la historia /
Mención de responsabilidad, etc. Gustav Bychowski ; traducción Luis Solano Costa.
260 ## - PUBLICACIÓN, DISTRIBUCIÓN, ETC.
Lugar de publicación, distribución, etc. Barcelona :
Nombre del editor, distribuidor, etc. Mateu,
Fecha de publicación, distribución, etc. [1963]
300 ## - DESCRIPCIÓN FÍSICA
Extensión 287 p. ;
Dimensiones 18 cm.
490 1# - MENCIÓN DE SERIE
Mención de serie Todo para muchos
700 1# - ENTRADA AGREGADA--NOMBRE PERSONAL
Nombre de persona Solano Costa, Luis.
9 (RLIN) 107084
830 0# - PUNTO DE ACCESO ADICIONAL DE SERIE-TÍTULO UNIFORME
Título uniforme Todo para muchos
9 (RLIN) 181717
852 ## - LOCALIZACIÓN
Ubicación ES-MaACL
Número de control de estantería C-23730
Sublocalización o colección R.52594
Holdings
Estatus retirado Estado de pérdida Estado de daño No para préstamo Biblioteca de origen Biblioteca actual Ubicación en estantería Fecha de adquisición Fuente de adquisición Total de préstamos Signatura topográfica completa Código de barras Visto por última vez Precio de reemplazo Tipo de ítem Koha
        Biblioteca del Ateneo de Madrid Biblioteca del Ateneo de Madrid Depósito 2 17/01/2008     C-23730 1039709 23/02/2023 23/02/2023 Libro impreso